Music Quiz

Random Music or Bands Quiz

One-Word TV Shows in Song Titles Quiz Stats

 Plays Quiz Updated Feb 10, 2019

Support Sporcle.
Go Orange.
Score 0/20 Timer 05:00
3 Plays Today
% Correct
Girls
96%
Friends
93.4%
Wings
93.1%
Lost
92.3%
Rome
92.3%
Taxi
91.5%
Castle
84.8%
Charmed
81.5%
Cheers
81.2%
M*A*S*H
79.6%
% Correct
Survivor
77.7%
Scrubs
74.2%
Bones
71.8%
Supernatural
71.1%
Weeds
70.6%
Revenge
68.5%
Revolution
58.2%
Heroes
56.7%
Angel
55.9%
Nashville
45.4%

You're not logged in!

Compare scores with friends on all Sporcle quizzes.
OR
Log In
Forgot?

From the Vault

Actors With the People They Portrayed

by TonyH

Movies 7m
We hope all of these meetings were happy, but we're sure criticism came in to play at least once.
Remove Ads.
Support Sporcle.
Get the best of Sporcle when you Go Orange. This ad-free experience offers more features, more stats, and more fun while also helping to support Sporcle. Thank you for becoming a member.

Show Comments

Extras

Top Quizzes Today


Score Distribution

Your Account Isn't Verified!

In order to create a playlist on Sporcle, you need to verify the email address you used during registration. Go to your Sporcle Settings to finish the process.

Report this User

Report this user for behavior that violates our Community Guidelines.

Details: